000 01387nam a2200325Ia 4500
001 ebr10350127
003 CaPaEBR
006 m u
007 cr cn|||||||||
008 090515s2009 vtua sb 001 0 eng d
010 _z 2009020470
020 _z9780754675723 (hardback : alk. paper)
040 _aCaPaEBR
_cCaPaEBR
035 _a(OCoLC)646871462
050 1 4 _aKF4896.L56
_bT83 2009eb
082 0 4 _a342.73/072
_222
100 1 _aTucker, James Thomas.
245 1 4 _aThe battle over bilingual ballots
_h[electronic resource] :
_blanguage minorities and political access under the Voting Rights Act /
_cby James Thomas Tucker.
260 _aBurlington, VT :
_bAshgate,
_cc2009.
300 _axvi, 413 p. :
_bill.
490 1 _aElection law, politics, and theory
504 _aIncludes bibliographical references and index.
533 _aElectronic reproduction.
_bPalo Alto, Calif. :
_cebrary,
_d2011.
_nAvailable via World Wide Web.
_nAccess may be limited to ebrary affiliated libraries.
610 1 0 _aUnited States.
_tVoting Rights Act of 1965.
650 0 _aLinguistic minorities
_xSuffrage
_zUnited States.
655 7 _aElectronic books.
_2local
710 2 _aebrary, Inc.
830 0 _aElection law, politics, and theory.
856 4 0 _uhttp://site.ebrary.com/lib/rucke/Doc?id=10350127
_zAn electronic book accessible through the World Wide Web; click to view
999 _c28988
_d28988